| 000 | 01349nam a22004097a 4500 | ||
|---|---|---|---|
| 001 | 0014614 | ||
| 003 | KOHA_MİRAKIL | ||
| 005 | 20260207002001.0 | ||
| 007 | ta | ||
| 008 | 100809b1999 tu |||gr||||#||||0|tur | | ||
| 020 | _a9754929149 | ||
| 040 |
_aTR-BiSEU _btur _cTR-BiSEU _erda |
||
| 041 | 0 | _atur | |
| 044 | _ctu | ||
| 050 |
_aHD3616.T9 _bO99 1999 |
||
| 100 | 1 | _aÖzbey, Funda Rana. | |
| 245 | 1 |
_aBütünleştirilmiş sanayileşme stratejisi çerçevesinde Türkiye'de sanayileşmenin değerlendirilmesi/ _cFunda Rana Özbey ; Funda Rana Özbey. |
|
| 264 | 1 |
_aEskişehir : _bAnadolu Üniversitesi _c1999 |
|
| 300 | _aXIII, 150 sayfa; 25 cm. | ||
| 336 |
_ametin _btxt _2rdacontent |
||
| 337 |
_aaracısız _bn _2rdamedia |
||
| 338 |
_acilt _bnc _2rdacarrier |
||
| 490 | 1 |
_aAnadolu Üniversitesi yayınları ; _vno. |
|
| 490 | 1 | _a1162. | |
| 490 | 1 |
_aAçıköğretim Fakültesi yayınları ; _vno. |
|
| 490 | 1 | _a614 | |
| 500 | _aKaynakça var. | ||
| 650 | 0 |
_aSanayileşme. _99380 |
|
| 650 | 0 |
_aUluslararası rekabet. _98993 |
|
| 650 | 0 |
_aUluslararası ticaret. _94024 |
|
| 650 | 0 |
_aSanayi politikası--Türkiye. _99450 |
|
| 830 | 1 |
_aAnadolu Üniversitesi yayınları ; _vno. _97107 |
|
| 830 | 1 |
_a1162. _934062 |
|
| 830 | 1 |
_aAçıköğretim Fakültesi yayınları ; _vno. _920146 |
|
| 830 | 1 |
_a614 _924212 |
|
| 942 |
_2lcc _cBK |
||
| 999 |
_c14577 _d14577 |
||